banner-ar

التطريز بالخرز : (Record no. 60881)

MARC details
000 -الفاتح
حقل البيانات ثابتة الطول 01360nam a22003017a 4500
005 - وقت وتاريخ اخر تعامل مع التسجيلة
رقم الضبط 20240530110433.0
008 - عناصر البيانات ثابتة الطول - معلومات عامة
حقل البيانات ثابتة الطول 150402s2011 ua o f 000 0 ara d
017 ## - رقم الايداع القانونى
رقم الايداع القانونى 2011/4988
المصدر ( الهيئة المختصة) مصر . دار الكتب المصرية
020 ## - الرقم الدولى المعيارى للكتب
الرقم الدولى المعيارى للكتاب 9789774557715
040 ## - مصدر الفهرسة
وكالة الفهرسة الأصلية EG-CaGPL
082 04 - رقم تصنيف ديوى العشرى
رقم الطبعة 21
رقم التصنيف 746.5\
رقم المادة م ت
100 1# - المدخل الرئيسى - إسم شخصى
الإسم الشخصى مورجان ، انا
245 12 - بيان العنوان
العنوان التطريز بالخرز :
بقية العنوان 15 تصميما لاجمل مشغولات الخرز مشروحة خطوة بخطوة ومزودة بصور توضيحية وتعليمات سهلة التنفيذ /
بيان المسئوليه,etc تاليف انا مورجان ؛ ترجمة قسم الترجمة بدار الفاروق للاستثمارات الثقافية
250 ## - بيان الطبعة
بيان الطبعة ط1
260 ## - PUBLICATION, DISTRIBUTION, ETC. (IMPRINT)
تاريخ النشر أو التوزيع 2011 .
300 ## - الوصف المادى
التعداد 94 ص :
تفاصيل ماديه اخرى للوعاء صور لو ؛
أبعاد الوعاء 28 سم
650 04 - المدخل الاضافى بالموضوع-مصطلح موضوعى
مصطلح موضوعي التطريز
650 04 - المدخل الاضافى بالموضوع-مصطلح موضوعى
مصطلح موضوعي تطريز المفروشات
650 04 - المدخل الاضافى بالموضوع-مصطلح موضوعى
مصطلح موضوعي المنسوجات
التقسيم الفرعي العام تصميم
650 04 - المدخل الاضافى بالموضوع-مصطلح موضوعى
مصطلح موضوعي التصميم الزخرفى
650 04 - المدخل الاضافى بالموضوع-مصطلح موضوعى
مصطلح موضوعي الفن الزخرفى
650 04 - المدخل الاضافى بالموضوع-مصطلح موضوعى
مصطلح موضوعي شغل الخرز
650 04 - المدخل الاضافى بالموضوع-مصطلح موضوعى
مصطلح موضوعي الزخرفة
650 04 - المدخل الاضافى بالموضوع-مصطلح موضوعى
مصطلح موضوعي شغل الابرة
710 2# - المدخل الاضافى - اسم هيئه
اسم الهيئة أو اسم السلطة كمدخل قسم الترجمة بدار الفاروق للاستثمارات الثقافية
الدور مترجم
942 ## - عناصر المدخل الإضافي( كوها)
مصدر التصنيف او مخطط الترفيف Dewey Decimal Classification
Koha [default] item type كتاب
260 ## - PUBLICATION, DISTRIBUTION, ETC. (IMPRINT)
-- القاهرة :
-- دار الفاروق للاستثمارات الثقافية ،
Holdings
حالة التراجع حالة الفقد حالة تلف ليس للاعارة المكان المؤقت الموقع الحالى تاريخ الاكتساب اجمالي اﻻعارات رقم الطلب الباركود تاريخ اخر مشاهدة تاريخ تفعيل السعر نوع وعاء كوها
        مكتبة القاهرة الكبرى مكتبة القاهرة الكبرى 04/02/2015   746.5\ م ت 160059 04/02/2015 04/02/2015 كتاب

Powered By

EGPV